Southville International School and Colleges
Your cart is empty.
  • Cart
  • Lists
    Public lists Eva Luna New books Lux_list list_1
    Your lists Log in to create your own lists
  • Log in to your account
  • Your cookies
  • Search history
Southville International School and Colleges
  • Advanced search
  • Recent comments
  • Most popular
  • Libraries

Log in to your account

Log in with GOOGLE


If you do not have an external account, but do have a local account, you can still log in:

  1. Home
  2. MARC view: Teaching with favorite read-alouds in Kindergarten :
Normal view MARC view ISBD view

Teaching with favorite read-alouds in Kindergarten : (Record no. 112650)

[ view plain ]
MARC details
000 -LEADER
fixed length control field 00649nam a2200193 a 4500
001 - CONTROL NUMBER
control field 4069
005 - DATE AND TIME OF LATEST TRANSACTION
control field 20140414131944.0
008 - FIXED-LENGTH DATA ELEMENTS--GENERAL INFORMATION
fixed length control field 081222s19uu xx 00 eng d
020 ## - INTERNATIONAL STANDARD BOOK NUMBER
International Standard Book Number 0-439-40417-7
050 ## - LIBRARY OF CONGRESS CALL NUMBER
Classification number TR 372.4
Item number L96 2004
100 ## - MAIN ENTRY--PERSONAL NAME
Personal name Lunsford, Susan
245 ## - TITLE STATEMENT
Title Teaching with favorite read-alouds in Kindergarten :
Remainder of title 50 must have books with lessons and activities that build skills in vocabulary, comprehension, and more /
Statement of responsibility, etc by Susan Lunsford.
260 ## - PUBLICATION, DISTRIBUTION, ETC. (IMPRINT)
Place of publication, distribution, etc New York :
Name of publisher, distributor, etc Scholastic,
Date of publication, distribution, etc c2004.
300 ## - PHYSICAL DESCRIPTION
Extent 95 p. : ill. ; cm.
650 ## - SUBJECT ADDED ENTRY--TOPICAL TERM
Topical term or geographic name as entry element Reading (Early Childhood).
650 ## - SUBJECT ADDED ENTRY--TOPICAL TERM
Topical term or geographic name as entry element Oral reading.
Holdings
Withdrawn status Lost status Damaged status Use restrictions Home library Current library Shelving location Date acquired Source of acquisition Cost, normal purchase price Total Checkouts Full call number Barcode Date last seen Price effective from Koha item type
        Munich Library Munich Library Teachers Reference Section 12/22/2008   330.00   TR 372.4 L96 2004 M4027 04/14/2014 04/14/2014 Books
        Munich Library Munich Library Teachers Reference Section 02/16/2011   330.00   TR 372.4 L96 2004 M4554 04/14/2014 04/14/2014 Books

Teaching with favorite read-alouds in Kindergarten :

APA

Lunsford S., . (2004). Teaching with favorite read-alouds in Kindergarten. New York: Scholastic.

Chicago

Lunsford Susan, . 2004. Teaching with favorite read-alouds in Kindergarten. New York: Scholastic.

Harvard

Lunsford S., . (2004). Teaching with favorite read-alouds in Kindergarten. New York: Scholastic.

MLA

Lunsford Susan, . Teaching with favorite read-alouds in Kindergarten. New York: Scholastic. 2004.

  • Place hold
  • Print
  • Cite
  • Add to your cart (remove)
  • Save record
    BIBTEX Dublin Core MARCXML MARC (non-Unicode/MARC-8) MARC (Unicode/UTF-8) MARC (Unicode/UTF-8, Standard) MODS (XML) RIS
  • More searches
    Search for this title in:
    Other Libraries (WorldCat) Other Databases (Google Scholar) Online Stores (Bookfinder.com) Open Library (openlibrary.org)

Exporting to Dublin Core...

SOUTHVILLE LIBRARY

Southville International School and Colleges Library

1281 Tropical Ave. Cor. Luxembourg St., BF Homes International, Las Pinas City

Tel. No. 8256374 / 252358 Loc. 117/146

Powered by Koha